1789 1710 1155 1106 1742 1144 1022 1056 1092 1610 1481 1960 1365 1256 1468 1126 1780 1550 1238 1050 1493 1420 1674 1891 1779 1521 1413 1068 1458 1577 1181 1183 1540 1896 1390 1757 1140 1399 1654 1580 1790 1692 1580 1981 1085 1965 1261 1228 1882 1579 1069 1155 1513 1023 1843 1599 1703 1835 1051 1321 1372 1404 1434 1434 1756 1588 1348 1035 1296 1028 1662 1772 1918 1648 1421 1106 1254 1427 1142 1004 1874 1725 1335 1083 1819 1771 1739 1846 1148 1626 1462 1363 1241 1405 1651 1282 1002 1747 1767 BCNSPRNW ULIB Ver.6.0+V

เปลี่ยนเป็นภาษาไทย

Change to English
 แสดงรายละเอียดบรรณานุกรม
  กลับหน้าหลัก

Brief Record : Get Marc (ISO 2709) : E-mail record : QR code < ปิดหน้าต่าง
LEADER : 00000nam 2200000uu 4500
001    13399113943
003     ULIB
008    110320s||||||||th 000 0 tha d
099    วจ.BJ1533.H9^bว293ก
100 0  วรัญญากรณ์ โนใจ
245 00 การดูแลด้วยหัวใจความเป็นมนุษย์ ตามการรับรู้ของผู้สำเร็จการศึกษา วิทยาลัยพยาบาลบรมราชชนนี พะเยา ปีการศึกษา 2553/^cวรัญญากรณ์ โนใจ และ อัมพร ยานะ
260    พะเยา :^bวิทยาลัยพยาบาลบรมราชชนนี พะเยา,^c2554
300    57 หน้า :^bตาราง
500    รายงานการวิจัย
650  7 การดูแลด้วยหัวใจความเป็นมนุษย์^xวิจัย
700 02 อัมพร ยานะ
710 2  วิทยาลัยพยาบาลบรมราชชนนี. ^bพะเยา
945    ^p0^l0^i030974
995    ทศพร
999 ^a ใช้งานได้ทุกระบบ
รายการนี้ยังไม่มีแท็ก
คุณยังไม่ได้ล็อกอิน คุณสามารถมีกิจกรรมร่วมกับเว็บไซต์ได้ แต่ต้องล็อกอินก่อน ::
  ล็อกอิน

รายการสื่อสารสนเทศ

ลำดับที่ ประเภท เลขเรียก/บาร์โค้ด สถานที่ สถานะ
1. งานวิจัย
งานวิจัย
วจ.BJ1533.H9 ว293ก ฉ.1 
  Barcode: 030974
ห้องสมุดวิทยาเขตสวรรค์ประชารักษ์
►วิจัย
บนชั้น

รายการใกล้เคียง
    ผู้แต่ง [วรัญญากรณ์ โนใจ]

BibComment


ยังไม่เคยถูกคอมเมนท์

คอมเมนท์ทรัพยากรรายการนี้
  คอมเมนท์: การดูแลด้วยหัวใจค..


 Copyright 2026. Bcnsprnw @Library